Countries that were under the Influence of the USSR - Statistics

General Stats
  • This quiz has been taken 98 times
  • The average score is 7 of 8
Answer Stats
Years under influence Country % Correct
1947-1991 Poland
98%
1945-1990 East Germany
93%
1948-1989 Czechoslovakia
88%
1948-1991 Hungary
87%
1945-1948 Yugoslavia
83%
1945-1964 Romania
80%
1946-1989 Bulgaria
78%
1946-1991 Albania
67%
No matching quizzes found
Score Distribution
Percent of People with Each Score
Percentile by Number Answered
Your Score History
You have not taken this quiz